| 000 | 00740 aa a2200205 4500 | ||
|---|---|---|---|
| 008 | 081020t xxu||||| |||| 00| 0 eng d | ||
| 010 | _aENG-84097 | ||
| 020 | _a8176298972 | ||
| 020 | _c500.00 (hb) | ||
| 035 | _aEN-67630 | ||
| 082 | _a332.67354 | ||
| 100 | _aBhati, Usha | ||
| 245 |
_aForeign direct investment: _bcontemporary issues / _cby Usha Bhati |
||
| 260 |
_aNew Delhi _bDeep and Deep Publications |
||
| 260 | _c2006 | ||
| 300 |
_axiii,249p _c22cm |
||
| 500 | _aIncludes bibliographical references and index | ||
| 942 |
_2ddc _cEN _h332.67354 _mBHA |
||
| 999 |
_c17064 _d17064 |
||